Statistics for Flags of Republics of the Soviet Union in 1930

Click here to take the quiz!

General Stats

  • This quiz has been taken 112 times
  • The average score is 4 of 7

Answer Stats

Answer% Correct
Russian SFSR
96%
Ukrainian SSR
86%
Byelorussian SSR
83%
Uzbek SSR
55%
Tajik SSR
36%
Turkmen SSR
36%
Transcaucasian SFSR
34%

Score Distribution

Percentile by Number Answered

Percent of People with Each Score

Your Score History

You have not taken this quiz